000 00418nam a2200169Ia 4500
008 230524s9999 xx 000 0 und d
020 _a9788123039156
082 _a621.56
_bARO
100 _aRamesh Chandra Arora
245 0 _aRefrigeration and Air Conditioning
250 _a2
260 _aNew Delhi
_bPHI
_c2012
300 _a"1,1087p;"
500 _aQuantity Number: 30
650 _aMechanics
942 _cBK
999 _c54650
_d54650